Responses for Show #4371 - Monday, September 15, 2003

Game data retrieved from an alternate archive.

Contestants

[<< previous game]

Lynne Bongiovanni, a college instructor from Queens, New York

James Burns, a television graphic designer from Avondale Estates, Georgia

Jill Kaiser, a trauma center registration secretary from Edgington, Illinois (whose 1-day cash winnings total $8,801)

[next game >>]

Jeopardy! Round responses

THE MISSOURI RIVER
COLORIFIC
MOVIE LOCATIONS
LAGER RHYTHMS
PUTIN
ON THE "ITZ"
    $200 11
bluffs

Jill
    $200 1
the Brown Bomber

James
    $200 6
Tom Cruise

Lynne
    $200 12
Guinness

Lynne
    $200 22
Leningrad (or St. Petersburg)

James
    $200 17
blitz

James
    $400 27
floods

James
    $400 2
Pink

Jill
    $400 7
The Insider

Triple Stumper
    $400 13
(Jill: What is room temperature?)
[Initially ruled incorrect; reversed during the interview segment]

cellar temperature

JillLynne
    $400 23
(Jill: What is karate?)

judo

Jill
Triple Stumper
    $400 18
Yitzhak (Rabin)

Lynne
    $600 28
bullhead

Jill
    $600 3
the Green Bay Packers

James
    $600 8
Blade Runner

James
    $600 14
1620

James
    $600 24
(James: What is East Berlin?)

East Germany

JamesLynne
    $500 19
St. Moritz

Lynne
    $800 4
(James: What is quince?)

persimmon

JillJames
    $800 9
Kingpin

Lynne
    $800 15
(Lynne: What is Budweiser?)

Coors

Lynne
Triple Stumper
    $800 25
(James: What is the Stasi?)

the KGB

JamesLynne
    $800 20
Chichen Itza

James
    $1000 5
yellow

Jill
    $1000 10
Body Heat

James
    $1000 16
Iron City

Triple Stumper
    $1000 26
Chechnya

Lynne
    $1000 21
Nimitz

Lynne

Scores at the first commercial break (after clue 16):

Jill James Lynne
$2,800 $2,200 $800

Scores at the end of the Jeopardy! Round:

Jill James Lynne
$3,000 $2,400 $5,100

Double Jeopardy! Round responses

GEOLOGY
U.N. GOODWILL AMBASSADORS
WATER SPORTS
ART & ARTISTS
THE OLD SOUTH
SAME FIRST & LAST LETTER
    $400 19
wind

James
    $400 14
Mia Farrow

Jill
    $400 24
ballet

Jill
    $400 1
(Jill: What is Geneva?)

Zurich

Jill
Triple Stumper
    $400 6
Charleston

Triple Stumper
    $400 9
monogram

Lynne
    $800 20
(James: What is basalt?)

pumice

James
Triple Stumper
    $800 15
Angelina Jolie

Lynne
    $800 25
(Jill: What is basketball?)

water polo

JillLynne
    $800 2
da Vinci

Lynne
    $800 7
Samuel Mudd

Lynne
    $800 10
(Lynne: What is jogging?)
(James: What is sports?)

push-up

JamesLynne
Triple Stumper
    $1200 21
chalk

Jill
    $1200 16
Danny Kaye

Jill
    $1200 26
freestyle

Lynne
    $1,000 3
(Lynne: Who is Whistler?)

Grant Wood

Lynne
    $1,000 8
(Lynne: [no response])

James Gadsden

Lynne
    $1200 11
no return

Lynne
    $1600 22
caves

Jill
    $1600 17
Audrey Hepburn

Jill
    $1600 27
dry fly

Triple Stumper
    $1600 4
Venice

Lynne
    $1600 12
seedless

Jill
    $2000 23
a volcano

Jill
    $2000 18
Nadine Gordimer

Triple Stumper
    $2000 28
(James: What is a high dive?)
...
[The end-of-round signal sounds.]

springboard

James
Triple Stumper
    $2000 5
Piet Mondrian

Triple Stumper
    $2000 13
Eau de Cologne

Triple Stumper

Scores at the end of the Double Jeopardy! Round:

Jill James Lynne
$11,800 -$800 $9,900

[wagering suggestions for these scores]

Final Jeopardy! Round responses

U.S. STATE QUARTERS
LynneWho is Helen Keller?
$9,900
JillWho is Helen Keller?
$8,001
Helen Keller

Final scores:

Jill James Lynne
$19,801 -$800 $19,800
2-day champion: $28,602 3rd place: $1,000 2nd place: $2,000

Game dynamics:

Coryat scores:

Jill James Lynne
$11,800 -$800 $12,000
14 R,
3 W
10 R,
6 W
18 R
(including 1 DD),
4 W
(including 2 DDs)

Combined Coryat: $23,000

[game clues] [game scores] [suggest correction]

Game tape date: 2003-07-23
The J! Archive is created by fans, for fans. Scraping, republication, monetization, and malicious use prohibited; this site may use cookies and collect identifying information. See terms. The Jeopardy! game show and all elements thereof, including but not limited to copyright and trademark thereto, are the property of Jeopardy Productions, Inc. and are protected under law. This website is not affiliated with, sponsored by, or operated by Jeopardy Productions, Inc. Join the discussion at JBoard.tv.